000
00319nam a2200133 4500
999
_c
510774
_d
510774
008
190830b ||||| |||| 00| 0 eng d
100
_a
Roy, Rathin
_9
9303
245
_a
Changing fiscal dynamics
260
_c
2019
300
_a
p.18-22.
773
_a
Seminar
906
_a
Finance, Public - India
942
_2
ddc
_c
AR